| 000 | 00634nam a2200205 a 4500 | ||
|---|---|---|---|
| 005 | 20231024063650.0 | ||
| 008 | 021001s1960 mx r 000 0 spa d | ||
| 035 | _aUPN01000119821 | ||
| 049 | _aLT | ||
| 050 | 4 |
_aLB1589 M6.2 _bE3.31 LE |
|
| 245 | 0 | 0 |
_aEjercicios de aritmética y geometría : _bsegundo año. |
| 260 |
_aMéxico : _bAvante, _c[1960?]. |
||
| 300 |
_a95 p. : _bil. |
||
| 440 | 0 | _aCuaderno de tareas | |
| 500 | _aDatos tomados de la cubierta | ||
| 650 | 4 |
_aAritmética _xEstudio y enseñanza (Elemental) _95289 |
|
| 650 | 4 |
_aGeometría _xEstudio y enseñanza (Elemental) _94869 |
|
| 905 | _aLibro | ||
| 999 |
_c92171 _d92171 |
||